แสดงรายละเอียดบรรณานุกรม
  กลับหน้าหลัก

Brief Record : Get Marc (ISO 2709) : E-mail record : QR code ปิดหน้าต่าง
LEADER 00000nama 2200000uu 4500
001    187763
003     ULIBM
008    040531s2536 th m m a000 0 tha d
020    974-610-587-6
041    tha
050    WA100 ส747อส 2536 ล.1/2
100    มหาวิทยาลัยสุขทัยธรรมาธิราช สาขาวิชาวิทยาศาสตร์สุขภาพ
245    เอกสารการสอนชุดวิชาการสาธารณสุข 1 หน่วยที่ 8-15/สาขาวิชาวิทยาศาสตร์สุขภาพ มหาวิทยาลัยสุดขทัยธรรมาธิราช 001
250    12
260    นนทบุรี มหาวิทยาลัย 2536
300    1097 หน้า
650    สาธารณสุข สุขาภิบาลโภชนาการสิ่งแวดล้อมเป็นพิษชื่อเรื่อง
998    1999-01-20
รายการนี้ยังไม่มีแท็ก
คุณยังไม่ได้ล็อกอิน คุณสามารถมีกิจกรรมร่วมกับเว็บไซต์ได้ แต่ต้องล็อกอินก่อน ::
  ล็อกอิน
ลำดับที่ ประเภท เลขเรียก สถานที่ สถานะ
1. หนังสือทั่วไป
หนังสือทั่วไป
WA100 ส747อส 2536 ล.1/2 2536  
  
หนังสือทั่วไป On Shelf
  ขอยืม
2. หนังสือทั่วไป
หนังสือทั่วไป
WA100 ส747อส 2536 ล.1/2 2536  
  
หนังสือทั่วไป On Shelf
  ขอยืม
   [แสดง 2/2 รายการ]

BibComment


ยังไม่เคยถูกคอมเมนท์

คอมเมนท์ทรัพยากรรายการนี้
  คอมเมนท์: เอกสารการสอนชุดวิ..
Bib 187763

 
 
 

 Union Library Management : ULibM
Copyright 2026. All Rights Reserved.
скачать бесплатно без регистрации порно красивый секс HD Sex Hindi sex

xxx gou

xxxx

bfxxx

xxxwww

Секса Видео

xxxx

Секса Видео

detube

geilexxx

C99 Shell

worms shell

blod xxx video
Ebony Coed Rihanna Rimes Takes A Dick In Her Young Twat priyaa indian fuck anal and pusssy hardcore indian women xxx desi hardcore fucking part 1 bengalixxxcouple